000 02606nam2a2200337 4500
001 RU\NLR\PER_A\003157015_001050
005 20250626124107.0
035 _a(NLR Aleph) 011760947
090 _a11676395
_c11676395
100 _a20180730d2018 |||y0rusy50 ca
101 0 _arus
_deng
102 _aRU
105 _aa z 000yy
200 1 _aIII Всероссийская научная конференция с международным участием, посвященная 60-летию ИХТРЭМС ФМЦ КНЦ РАН "Исследования и разработки в области химии и технологии функциональных материалов"
210 _d2018
_aБ. м.
215 _a918 с.
_cил., цв. ил.
_d29
225 2 _aТруды Кольского научного центра РАН
_v2018, 1 (9), ч. 2
_iХимия и материаловедение
_vвып. 2 [2]
300 _aРез. на англ. яз.
320 _aБиблиогр. в конце ст.
461 0 _1001RU\NLR\Per\748959
_12001#$aТруды Кольского научного центра РАН$fРос. акад. наук$v2018, 1 (9), ч. 2
_93064484
_aРоссийская академия наук. Кольский научный центр
_cАпатиты
_d2010 - 2022
_fРос. акад. наук
_nКольский научный центр РАН
_tТруды Кольского научного центра РАН
_x2307-5252
_v2018, 1 (9), ч. 2
462 0 _1001RU\NLR\Per\1232833
_12001#$aХимия и материаловедение$dChemistry and materials$vВып. 2 [2]
_911632760
_cАпатиты
_d2015 -
_lChemistry and materials
_nРИО КНЦ
_tТруды Кольского научного центра РАН. - Химия и материаловедение
_vВып. 2 [2]
606 1 _aМатериалы
_jСъезды, совещания и т.п
_xХимические свойства
_92612975
_3RU\NLR\AUTH\661549533
606 1 _aМатериалы
_jСъезды, совещания и т.п
_xТехнология
_91516749
_3RU\NLR\AUTH\66658918
686 1 _aЖ306.4я431(2)
686 1 _aЖ6я431(2)
710 1 2 _a"Исследования и разработки в области химии и технологии функциональных материалов", всероссийская научная конференция с международным участием
_d3
_eАпатиты
_f2018
_9618397
_3RU\NLR\AUTH\880478790
852 _aNLR
_jП2/995
942 _cISSUE
980 _aNB
980 _aRUSPER